LEADER 05211nam 22005895 450 001 9910999781003321 005 20250426130203.0 010 $a3-031-82178-5 024 7 $a10.1007/978-3-031-82178-3 035 $a(CKB)38641723600041 035 $a(DE-He213)978-3-031-82178-3 035 $a(MiAaPQ)EBC32029817 035 $a(Au-PeEL)EBL32029817 035 $a(EXLCZ)9938641723600041 100 $a20250426d2025 u| 0 101 0 $aeng 135 $aur||||||||||| 181 $ctxt$2rdacontent 182 $cc$2rdamedia 183 $acr$2rdacarrier 200 10$aBio-prospecting of Novel Microbial Bioactive Compounds for Sustainable Development $eManagement of Natural Resources Through Microbial Conversion into Valuable Products /$fedited by Kartika Sharma 205 $a1st ed. 2025. 210 1$aCham :$cSpringer Nature Switzerland :$cImprint: Springer,$d2025. 215 $a1 online resource (XI, 227 p. 53 illus., 37 illus. in color.) 225 1 $aSustainable Landscape Planning and Natural Resources Management, IEREK Interdisciplinary Series for Sustainable Development,$x2948-1929 311 08$a3-031-82177-7 327 $a1. Role of Microorganisms in Biosurfactant Production from agricultural and industrial wastes -- 2. Microbial Bio Plastic Production : Progress and Prospects -- 3. Exploring endophytes as a treasure house of bioprospecting compounds, emphasizing their significance in the agricultural and pharmaceutical fields -- 4. Microbial Pigments: Fermentative Production and Biological Activities -- 5. Microbial production of Herbicides, Fungicides and Insecticides -- 6. Microbial pigments production from agro-industrial waste -- 7. Sustainable Production of Microbial Biopolymer Utilizing Waste -- 8. Microbiological technology to extract bioactive molecules from agricultural and industrial waste -- 9. Microbial Production of Lipopeptides -- 10. Role of Algae in Microbial Fuel Cell and the Production of Value Added Products -- 11. Harnessing Microbes: Eco-Friendly Solutions for Waste Management -- 12. Microbial Secondary Metabolites Used Against Diabetes & Cancer - A Critical Appraisal -- 13. The Cyanobacterial Renaissance: Bioactive Discoveries and Future Prospects -- 14. Microbial Production of Biofuels: Technological Advancement and Perspectives -- 15. Microbial Bioactive Metabolites: Biochemical Interface for Diverse Interactions. 330 $aThis book discusses current developments and upcoming trends in the microbial synthesis of various bioactive compounds from waste product which have a very good market worldwide. The extraction of biologically active compounds from microorganisms is still essential for the creation of novel pharmaceuticals and agricultural chemicals, and has underpinned their application as drugs and functional food ingredients. The demand of pharmaceuticals, nutraceuticals and agrochemicals is rising globally for the multi-billion dollar market of human disease prevention and treatment. However, the limitations and issues associated with the extraction of these bioactive compounds from natural resources, such as plants, animals, or fungi, limit the large-scale use of pharmaceuticals, nutraceuticals, and agrochemicals. The microbial production of agrochemicals, nutraceuticals, and pharmaceuticals by utilizing by utilizing waste product is now thought to be an environmentally benign process. The major goal of this book is to draw attention to excellent original research and review articles that contain cutting-edge characterization techniques and novel bioactive chemicals production that make important contributions to the field with many prospective applications. In this book, the potential for using microbial bioactive compounds which have positive health effects in their entirety is highlighted. This book is written by eminent scientists from around the world and seasoned researchers, thoroughly discusses current developments and patterns in the microbial synthesis of bioactive compounds. Academicians, scientists, researchers, graduate and post-graduate students who work in the highly dynamic and competitive fields of pharmaceuticals, nutraceuticals, and agrochemicals discovery will find this book to be ideal. 410 0$aSustainable Landscape Planning and Natural Resources Management, IEREK Interdisciplinary Series for Sustainable Development,$x2948-1929 606 $aSustainability 606 $aBiology$xTechnique 606 $aGenetics 606 $aBiochemical engineering 606 $aSustainability 606 $aGenetic Techniques 606 $aBioprocess Engineering 615 0$aSustainability. 615 0$aBiology$xTechnique. 615 0$aGenetics. 615 0$aBiochemical engineering. 615 14$aSustainability. 615 24$aGenetic Techniques. 615 24$aBioprocess Engineering. 676 $a304.2 702 $aSharma$b Kartika$4edt$4http://id.loc.gov/vocabulary/relators/edt 801 0$bMiAaPQ 801 1$bMiAaPQ 801 2$bMiAaPQ 906 $aBOOK 912 $a9910999781003321 996 $aBio-prospecting of Novel Microbial Bioactive Compounds for Sustainable Development$94374980 997 $aUNINA